[Event "RUS-Cup03 Geller Memorial"]
[Site "Moscow"]
[Date "1999.02.12"]
[Round "3"]
[White "Motylev, Alexander"]
[Black "Moiseenko, Alexander"]
[Result "1/2-1/2"]
[WhiteElo "2505"]
[BlackElo "2419"]
[Annotator "Mikhalevski,V"]
[PlyCount "51"]
[EventDate "1999.02.10"]
[EventType "swiss"]
[EventRounds "9"]
[EventCountry "RUS"]
[SourceTitle "CBM 070"]
[Source "ChessBase"]
[SourceDate "1999.06.08"]
[SourceVersion "1"]
[SourceVersionDate "1999.06.08"]
[SourceQuality "1"]

{[%mdl 4]} 1. e4 e5 2. Nf3 Nc6 3. d4 exd4 4. Nxd4 Nf6 5. Nxc6 bxc6 6. e5 Qe7 7.
Qe2 Nd5 8. c4 Ba6 9. g3 g6 10. b3 Bg7 11. Bb2 O-O 12. Bg2 Rfe8 13. O-O Bxe5 14.
Qxe5 Qxe5 15. Bxe5 Rxe5 16. cxd5 Bxf1 17. Kxf1 cxd5 {[%mdl 4096] Again this
classical endgame has arised.Two pieces v rook and two pawns.White has at his
disposal two options: 1) 18.f4 exchanging d5 and h2 pawns and 2) more quite 18.
Nc3. It's difficult to say which one is better,but in any case the position is
about equal.} 18. f4 $5 {I have suggested this move in my comments on the game
Leko-Almazi,Ubeda 97.} (18. Nc3 {Information about this continuation you can
find in CBM58 (Leko-Almazi,Ubeda 1997)}) (18. Nd2 Rae8 19. Bf3 Kf8 20. Rc1 c6
21. b4 Rb8 22. a3 a5 23. Nb3 axb4 24. Nc5 Re7 25. Rb1 d6 26. Nd3 b3 27. Nb4 Rb6
28. Bxd5 cxd5 29. Nxd5 Rbb7 30. Nxe7 Kxe7 31. Rb2 $2 {0-1 Kizov,V-Organdziev,O/
Skopje FRM 1998 (51)} (31. Ke2 $142)) 18... Re3 19. Bxd5 Rae8 20. Nd2 {Thanks
to this tactical resource White can play 18.f4!?} Re2 (20... Rd3 {is met by}
21. Ne4 Kg7 (21... Rxd5 $4 22. Nf6+ {[%cal Rf6g8,Rf6d5,Rf6e8]}) 22. Bc4 {
Here I stopped my analyse putting unclear as the evaluation of the 18.f4-line.}
Rf3+ 23. Nf2 $1 {avoiding rooks exchange was the right reaction.} (23. Ke2 Rc3
24. Bd3 $1 (24. Kd2 $2 Rxc4 $1) (24. Bd5 Rc2+) 24... d5 25. Kd2 Rxd3+ 26. Kxd3
dxe4+ (26... Rxe4 27. Rc1 Re7 28. Rc5 $14) 27. Ke3 f5 28. Rc1 $44) (23. Kg2 $5
Re3 24. Nf2 $6 (24. Nc5 $1 d6 25. Na6 $1 {was necessary avoiding rooks
exchange.}) 24... Re1 $1 $15 {1/2-1/2 Grosar,K-Balinov,I/Bled 1998/EXT 99 (102)
})) 21. Rd1 $1 (21. Nf3 c6 22. Bc4 Rb2 {and the active rook on the second rank
secures at least not worse chances.}) 21... Rxh2 {[%cal Ge8e2] Otherwise 22.h4
followed by Bf3.} 22. Bg2 {[%csl Rd7,Rf6][%cal Gd2f3,Gd2e4,Yd1d7] preventing
22...Re2 and preparing Nf3 and Ne4.} Re7 (22... Rh5 $2 {is impossible in view
of} 23. Ne4 {[%cal Re4f6,Rd1d7]}) (22... d6) 23. a4 $1 {[%cal Gd2f3,Gf3e5,
Ge5c6] White prepares Nf3-e5-c6 and restrictes the rook in case of almost
forced Rh5.} (23. Nf3 $5 {after an almost forced moves leads to an endgame
where White is a piece up,but Black has good chances to equalize.} Rh5 24. Ne5
d6 25. g4 $5 ({or} 25. Nc6 Re3 26. Kf2 Rc3 27. Rd2 Rhc5 $1 {and White has to
retreat to d4.} ({but not} 27... a5 $2 {as after} 28. Ne7+ $1 {[%cal Ge7d5]}
Kg7 29. Nd5 Rc1 30. g4 $18 {[%csl Rh5] rook on h5 is in trap.}) 28. Nd4 (28.
Nxa7 Rc2 $1 {[%csl Ra2]})) 25... Rh4 26. Nc6 Re3 $1 (26... Re8 27. Nxa7 Rxg4
28. Rd4 c5 29. Rc4 $1 {[%csl Ga2]}) 27. Kf2 Rc3 (27... Re8 28. Kg3 $18 {
[%cal Gc6a7]}) (27... Rxg4 28. Kxe3 Rxg2 29. Rd2 $18) 28. Ne7+ $1 Kg7 29. Nd5
Rc2+ 30. Kg3 Rxg4+ (30... Rh6 31. g5 Rh5 32. Nf6 $18) 31. Kxg4 Rxg2+ 32. Kf3
Rxa2 (32... Rc2 33. Rd3 $1 $14) 33. Nxc7 $14 {Now White is slightly better,but
Black has good drawish chances as the material on the board was strongly
reduced.}) 23... Rh5 {[%cal Gh5c5]} 24. b4 $1 {[%csl Ga5,Gc5,Rh5] The same
strategy of restriction.} Rf5 {[%cal Gf5f6] The rook on h5 doesn't fill very
comfortable.} 25. Ne4 $1 $14 {[%csl Rf5]} Kg7 (25... h5 $2 {[%cal Gh5h4]} 26.
Rd4 $1 h4 27. Bh3 $18) 26. Kf2 {It's very pity. I think White should go on as
he doesn't run risks and can strengthen his position.At the same time Black
has to wait as he has no any good plan.} (26. Rd4 $5 {[%cal Gg2h3]
accumulating the pressure.}) 1/2-1/2

[Event "EU-chT (Men) 11th"]
[Site "Pula"]
[Date "1997.05.??"]
[Round "1.4"]
[White "Van der Wiel, John"]
[Black "Grabarczyk, Miroslaw"]
[Result "1/2-1/2"]
[WhiteElo "2555"]
[BlackElo "2480"]
[Annotator "Mikhalevski,V"]
[PlyCount "45"]
[EventDate "1997.05.05"]
[EventType "team-swiss"]
[EventRounds "9"]
[EventCountry "CRO"]
[SourceTitle "CBM 057 Extra"]
[Source "ChessBase"]
[SourceDate "1997.05.01"]
[SourceVersion "1"]
[SourceVersionDate "1997.05.01"]
[SourceQuality "1"]
[WhiteTeam "Netherlands"]
[BlackTeam "Poland"]
[WhiteTeamCountry "NED"]
[BlackTeamCountry "POL"]

1. e4 e5 2. Nf3 Nc6 3. d4 exd4 4. Nxd4 Nf6 5. Nxc6 bxc6 6. e5 Qe7 7. Qe2 Nd5 8.
c4 Nb6 9. Nc3 (9. b3) (9. g3) (9. Nd2) 9... g6 (9... Bb7 10. Bf4 $6 (10. f4 {
Blatny,P}) 10... O-O-O 11. O-O-O h6 12. h4 Qe6 13. Rh3 Ba6 $15 {0-1 Arnold,
L-Ketterer,C/Baden Baden op 1993 (26)}) (9... a5 10. Qe4 g6 (10... Qb4 11. Be2
Ba6 12. a3 Qb3 13. O-O Nxc4 (13... Bxc4 $2 14. Bd1 $18) (13... Rb8 14. Re1 Be7
$2 15. c5) (13... Be7 14. Re1) 14. Bd1 $44 Qb7 15. Re1 O-O-O (15... Nxb2 16.
Rb1 Nxd1 (16... Bd3 17. Rxb2 Qxb2 18. Bxb2 Bxe4 19. Nxe4 $13) 17. Rxb7 Nxc3 18.
Qf3 Bxb7 19. Qxc3 $13) 16. b3 Nb6 17. Be3 Re8 18. Qf5 f6 (18... Re7) 19. exf6
gxf6 20. Bh5 Rd8 21. Qxa5 $16 {Wieweg,J-Jonsson,M/Sollentuna op 1995/1-0 (47)})
(10... Ba6 11. Bd3 Qe6 (11... Qb4 12. a3 $1 (12. O-O $2 Bxc4) 12... Qb3 13. O-O
Nxc4 14. Bc2 $44) 12. b3 Bb4 13. Bd2 d5 (13... a4) 14. exd6 cxd6 15. O-O-O Qxe4
16. Bxe4 $14 Ba3+ (16... Kd7) 17. Kb1 d5 $2 18. cxd5 cxd5 19. Nxd5 Nxd5 20.
Bxd5 $16 {Rewitz,P-Pedersen,D/DEN-ch qual 1996/1/2-1/2 (47)}) 11. Bd3 Bg7 12.
f4 O-O 13. O-O d5 $2 (13... Bb7 $142 {Blatny,P}) 14. cxd5 cxd5 15. Nxd5 Qc5+
16. Be3 $1 Qxd5 17. Bxb6 Qxe4 18. Bxe4 cxb6 19. Bxa8 Ba6 20. Bd5 Bxf1 21. Kxf1
$16 {1/2-1/2 Yakovich,Y-Sokolov,I/Oviedo rapid 1993 (37)}) (9... Qe6 10. Qe4 (
10. Bd2 a5 11. Qe4 Ba6 12. b3 d5 13. exd6 cxd6 14. Be3 Qxe4 15. Nxe4 d5 16.
Bxb6 dxe4 17. c5 $14 (17. O-O-O $14) 17... Bxf1 18. Rxf1 Be7 19. O-O-O f5 20.
Rfe1 O-O 21. Kc2 Rf6 22. f3 Re6 23. fxe4 fxe4 24. Rd4 e3 25. Kd3 Re8 26. Re2
Re5 27. a3 Bxc5 28. Bxc5 Rxc5 29. Rxe3 Rxe3+ 30. Kxe3 Rc3+ 31. Rd3 Rc2 {
1/2-1/2 Van der Wiel,J-Cifuentes Parada,R/Leeuwarden op 1994}) 10... Ba6 $142 {
-- 9...Ba6} (10... d5 11. exd6 cxd6 12. Bd3 Qxe4+ 13. Bxe4 Bb7 14. b3 d5 15.
cxd5 cxd5 16. Bf3 Bb4 17. Bd2 O-O 18. Ne2 Ba3 19. O-O Rac8 20. Be3 $14 {
Mukhametov,E-Muco,F/Bern op 1995/1/2-1/2 (61)}) (10... Bb4 11. Bd2 a5 (11...
Ba6 $1 {Blatny,P} 12. c5 $6 Nc4 (12... Bxf1 13. cxb6 Bc4 (13... Bxg2 $2 14.
Qxg2 Qxe5+ 15. Kd1 $16) 14. bxc7 Ba5 15. f4 $13) 13. Bxc4 Bxc4 14. f4 Bxc3 15.
Bxc3 Bxa2 $15) 12. f4 d5 (12... Bxc3 13. Bxc3 d5 14. Qc2 dxc4 15. Be2 $14 {
^^,קc4,c6,c7}) 13. exd6 cxd6 (13... Bxc3 14. Qxe6+ Bxe6 15. Bxc3 cxd6 16. Rd1
Ke7 17. b3 f6 18. g3 {/\Bg2+/=}) 14. O-O-O Qxe4 15. Nxe4 d5 16. cxd5 cxd5 17.
Bxb4 axb4 (17... dxe4 18. Bc5 $14) 18. Nd6+ Ke7 19. Nxc8+ Rhxc8+ 20. Kb1 Ra5 (
20... Kd6 21. Bd3 h6 22. Rhe1 Re8 $10) 21. Rd4 $1 b3 $2 (21... Nc4 $142 22.
Bxc4 Rxc4 $10) 22. a3 {1-0 Polgar,J-Piket,J/Aruba m2 1995 (46)})) (9... Ba6 10.
Qe4 Qe6 11. b3 Bb4 12. Bd2 Bxc3 13. Bxc3 d5 14. Qf3 (14. cxd5 {Blatny,P} cxd5
15. Qb4 Bxf1 16. Rxf1 Nd7 $10) 14... dxc4 15. Be2 O-O 16. O-O Rad8 17. Rfe1
Rfe8 18. Rac1 c5 19. Bf1 Nd5 20. bxc4 Nb4 $1 (20... Nxc3 $2 {Blatny,P} 21. Qxc3
Rd4 22. Qa3 $1) 21. Bxb4 (21. a3 {Blatny,P} Na2 $1) 21... cxb4 22. Qe3 {
1/2-1/2 Ljubojevic,L-Spassky,B/Montreal (06) ;MCL 02 1979}) 10. Ne4 Qe6 11. Bd2
(11. Nf6+ Kd8 12. Bd2 Ba6 13. b3 d5 14. Bc3 dxc4 15. Qd2+ Kc8 16. Be2 Kb7 $15 {
1/2-1/2 Van der Wiel,J-Garcia,G/Wijk-B 1996 (37)}) 11... Bg7 12. Nf6+ Bxf6 13.
exf6 O-O 14. O-O-O Ba6 15. Qxe6 (15. Qe3 $142 Qxe3 (15... Qxf6 16. Bc3 $44) 16.
Bxe3 d6 17. b3 (17. Bd3 c5 (17... Bxc4 $2 18. Bxb6 Bxd3 19. Bxc7 $16) 18. b3
Bb7 19. f3 Rfe8 20. Rhe1 Re6 21. Bh6 Rae8 $11) (17. g4 $5) 17... c5 (17... Rfe8
18. g4 c5 19. Bg2 Rab8 20. Rhe1 $14) 18. g4 Bb7 $11) 15... fxe6 16. Bg5 d6 17.
c5 Bxf1 18. Rhxf1 Nd5 19. Rfe1 Kf7 20. Re4 a5 (20... h6 21. Bxh6 Rh8 $15) 21.
Kb1 Rfb8 22. Rc1 Ra6 23. a3 $15 1/2-1/2

[Event "Balatonbereny GM"]
[Site "Balatonbereny"]
[Date "1996.??.??"]
[Round "10"]
[White "Sax, Gyula"]
[Black "Bacrot, Etienne"]
[Result "1-0"]
[WhiteElo "2560"]
[BlackElo "2425"]
[Annotator "Mikhalevski,V"]
[PlyCount "57"]
[EventDate "1996.06.13"]
[EventType "tourn"]
[EventRounds "11"]
[EventCountry "HUN"]
[EventCategory "11"]
[SourceTitle "CBM 055"]
[Source "ChessBase"]
[SourceDate "1996.12.01"]
[SourceVersion "1"]
[SourceVersionDate "1996.12.01"]
[SourceQuality "1"]

1. e4 e5 2. Nf3 Nc6 3. d4 exd4 4. Nxd4 Nf6 5. Nxc6 bxc6 6. e5 Qe7 7. Qe2 Nd5 8.
c4 Ba6 9. b3 g5 10. g3 (10. Ba3 d6 (10... c5 11. g3 Nb4 12. Bg2 O-O-O 13. O-O
Bg7 14. Bb2 $1 {/\ a3}) 11. exd6 Qxe2+ 12. Bxe2 Bg7 $1 13. cxd5 Bxe2 (13... Bb7
$4 14. dxc7 $1 Bxa1 (14... cxd5 15. Bb5+ Bc6 16. Bxc6# {#}) 15. d6 $18) 14.
Kxe2 Bxa1 15. Rc1 O-O-O $1 $8 (15... cxd5 16. Rxc7 $16) (15... cxd6 16. Rxc6
Be5 (16... O-O 17. Bxd6 $16) 17. Nd2 $1 {/\ Nc4+/-}) (15... Be5 16. Rxc6 Bxd6
17. Bxd6 cxd6 18. Na3 $1 Kd7 19. Nc4 $16) 16. Rxc6 Rhe8+ (16... Rd7 $1 17. Nc3
(17. Kd3 Be5 18. dxc7 Rxc7 (18... Rxd5+ 19. Ke4 Rb5 20. Nc3 Bxc3 21. Rxc3 Re8+
{White still has an uphill struggle to draw.})) 17... Bxc3 18. Rxc3 Re8+ $15 {
This leads to a position that I wanted to reach in the game. Black has some
chances.}) 17. Kd3 Rd7 18. Nc3 $1 (18. Nd2 Re5 19. Nc4 Rxd5+ 20. Ke4 $15 {
Probably White has enough ~/= here, but the method chosen in the game ismore
efficient.}) 18... Bxc3 $6 (18... Re5 $142 19. Nb5 Rxd5+ 20. Kc4 Rd2 21. Bc5 $1
Be5 $1) 19. Kxc3 $1 (19. Rxc3 Re5 $15) 19... Re5 20. Kc4 Re4+ (20... Re2 21.
Bc5 Rxa2 22. b4 Kb7 23. dxc7 Rxc7 24. Rf6 $44) 21. Kd3 Re5 22. Kc4 Re4+ {
(Anand) 1/2-1/2 Kasparov,G-Anand,V/New York (m/8) 64/293 1995}) 10... Bg7 11.
Bb2 O-O-O 12. Qe4 (12. Bg2 Rhe8 (12... Rde8 $5) 13. O-O Bxe5 $5 14. Qxe5 Qxe5
15. Bxe5 Rxe5 16. cxd5 Bxf1 17. Kxf1 cxd5 18. Nc3 c6 $13 {Fercec-Nikcevic,
Cannes op,1996}) 12... f5 $1 13. Qxf5 Rhf8 14. Qe4 Qb4+ (14... Nf6 $5 15. Qe2
Ng4 $1 (15... Rde8 $5 16. Nd2 (16. exf6 $2 Bxf6 $19) 16... Ng8 (16... h5 $5)
17. O-O-O Bxe5 18. Bxe5 Qxe5 19. Qxe5 Rxe5 20. Bh3 $5 h5 $10 (20... Rxf2 $6 21.
Bxd7+ $1 Kb7 22. Rhf1 $1 $14)) 16. Qxg4 Bxe5 17. Qe2 Bxb2 $1 (17... Qb4+ $2 18.
Kd1 Bxc4 $2 19. Qxe5 $18) 18. Qxe7 Rde8 19. Qxe8+ Rxe8+ $15 {xf2}) 15. Nd2 Rxf2
$2 (15... Nc3 $8 16. Qe3 Bxe5 $1 17. Ba3 (17. a3 Qe7 $1 18. Bd3 (18. Bxc3 Bxc3
19. Qxe7 Rde8 $15) (18. Rc1 $2 Bd4 $3 19. Qxe7 Bxf2#) 18... Rde8 $44 {xe3}) (
17. Qxa7 $2 Bb7 18. Ba3 Rde8 $19 19. Bxb4 (19. Ne4 Qb6 $1 $19) 19... Bd4+ 20.
Ne4 Rxe4+ 21. Kd2 Rxf2+ 22. Kd3 Bxa7 23. Kxc3 Bd4+ 24. Kd3 Bxa1 25. Kxe4 c5+
$19) 17... Qxa3 18. Qxa7 Qb4 $8 19. Qa8+ Qb8 20. Qxa6+ Qb7 21. Qxb7+ Kxb7 $44)
16. Kxf2 Qxd2+ 17. Qe2 Qb4 (17... Rf8+ $142 18. Kg1 Qa5 $16 (18... Rxf1+ 19.
Kxf1 Ne3+ 20. Kf2 Ng4+ 21. Kf3 Nxe5+ 22. Bxe5 g4+ 23. Kf2 $18)) 18. Bd4 (18.
Kg2 $5) 18... c5 19. Bb2 Rf8+ 20. Kg1 Ne7 21. Bg2 Ng6 22. Qe4 c6 23. Rd1 $18
Kc7 24. h4 gxh4 25. Rxh4 $1 Nxh4 26. Qxh4 Bc8 27. Qe7 Bh6 28. Qd6+ Kb7 29. Qxh6
1-0

[Event "RUS-Cup9"]
[Site "Novgorod"]
[Date "1997.??.??"]
[Round "6"]
[White "Batsanin, Dmitry"]
[Black "Goldin, Alexander"]
[Result "1-0"]
[WhiteElo "2300"]
[BlackElo "2590"]
[Annotator "Mikhalevski,V"]
[PlyCount "67"]
[EventDate "1997.06.11"]
[EventType "swiss"]
[EventRounds "9"]
[EventCountry "RUS"]
[SourceTitle "CBM 060"]
[Source "ChessBase"]
[SourceDate "1997.09.29"]
[SourceVersion "1"]
[SourceVersionDate "1997.09.29"]
[SourceQuality "1"]

1. e4 e5 2. Nf3 Nc6 3. d4 exd4 4. Nxd4 Bc5 5. Nxc6 Qf6 6. Qd2 dxc6 7. Nc3 Ne7 (
7... Be6) 8. Qf4 (8. Na4) 8... Qe6 {The second try.First one against Rublevsky
wasn't very successful.} (8... Be6 $6 9. Qxf6 gxf6 10. Bh6 $1 Rg8 11. Rd1 $16)
(8... Qxf4 $6 {- 65/(305)}) (8... Ng6 $5 {is alternative to Goldin's 8...Qe6.})
9. Qg5 $6 ({Rublevsky} 9. Qxc7 O-O 10. Bd3 Ng6 (10... f5 $2 11. O-O Bd6 12. Qa5
f4 13. e5 $1 Qxe5 14. Qxe5 Bxe5 15. Re1 $16) 11. Qg3 $8 f5 12. f4 $5 (12. O-O
$2 f4 13. Qg5 Be7 14. Qh5 Ne5 $17) 12... fxe4 13. Nxe4 Bd7 $2 (13... Re8 $1 14.
Kd1 $1 $8 {~/=}) 14. Bd2 Rae8 15. Bc3 (15. O-O-O $6 Qxa2 16. Bc3 Be7 $1 $13 17.
h4 $140 $2 Rxf4 $1 18. h5 Rg4 $1 19. Qc7 Rxe4 20. Bxe4 Bg5+ $19) 15... Bd6 (
15... Rxf4 16. O-O-O Be7 17. Ng5 Bxg5 18. Qxg5 $16 Qxa2 $140 19. b3 Rg4 20.
Bc4+ Kh8 21. Bxg7+ $1 $18) 16. O-O $16 Rxf4 $8 (16... Bxf4 $2 17. Rxf4 $1 Rxf4
18. Nc5 Qg4 19. Nxd7 Qxd7 20. Bxg6 Rg4 21. Bxe8 $18) 17. Nxd6 Qxd6 18. Rfe1
Qc5+ 19. Kh1 Ref8 (19... Rxe1+ 20. Rxe1 Qf8 21. h3 $16) 20. h3 R4f7 21. a3 $5
a5 $8 22. Bxg6 hxg6 23. Qxg6 Bf5 24. Qg5 Qf2 25. Rf1 Qxc2 26. Rac1 Qd3 (26...
Qe4 27. Rce1 Qd5 28. Re5 Qd7 29. Rfe1 Qd3 30. Re7 Bg6 31. Rxf7 Rxf7 32. Re8+
Rf8 33. Qe5 Qf1+ 34. Kh2 Qf6 35. Qc7 Qf7 36. Re7 $18) 27. Rf3 $5 Qe4 $2 (27...
Qd7 $8 28. Bxa5 $16) 28. Re1 Qc2 (28... Qd5 29. Re5 Qd7 30. Rfe3 $18) 29. Rg3
g6 30. Rc1 Qe4 31. Re1 Qc2 $8 32. Rf3 $18 Rh7 33. Ref1 Rh5 34. Qxg6+ $1 {
1-0 Rublevsky,S-Goldin,A/Jugoslavija 1995}) (9. Bd3 O-O 10. O-O Ng6 11. Qg3 Qd6
12. Bd2 f5 13. exf5 Qxg3 14. hxg3 Bxf5 15. Bxf5 Rxf5 16. Ne4 Bb6 17. Rfe1 Ne5
18. Be3 Nc4 19. Bxb6 axb6 20. b3 Nd6 21. a4 b5 22. a5 Re5 23. Nxd6 Rxe1+ 24.
Rxe1 {1/2-1/2 Nunn,J-Flear,G/Hastings9697 1997}) 9... Bd4 10. Be3 (10. Bd3 $5)
10... Bf6 (10... Bxc3+ 11. bxc3 Qxe4 12. Qxg7 Rg8 13. Qd4 Qxc2 14. Bd3 $140 c5
$1 15. Qc4 Be6 $1 $13) (10... h6 $5) 11. Qg3 (11. Qa5 $5 b6 12. Qa4) 11... Ng6
12. Bd3 (12. Qxc7 $5 Bxc3+ 13. bxc3 Qxe4 14. O-O-O O-O 15. Rd4 Qe5 16. Qxe5
Nxe5 $11) 12... Qe7 13. h3 $6 (13. O-O $142) 13... h5 $5 (13... Qb4 $1 14.
O-O-O Be5 $5 (14... Bxc3 15. bxc3 Qxc3 16. Qxc7 Qa3+ 17. Kd2 O-O $13) 15. f4
Bxc3 16. bxc3 Qxc3 17. Kb1 $44 {/=}) 14. O-O h4 15. Qh2 O-O 16. Bd2 $6 (16. f4
$1 Bxc3 (16... Qb4 $140 $6 17. e5 Qxb2 (17... Be7 $2 18. a3 Qxb2 19. Na4 $18)
18. Na4 $1 Qa3 19. exf6 $16 {><g8}) 17. bxc3 $14) 16... Bd4 17. Kh1 Ne5 18. Be2
Be6 19. Rad1 Rad8 20. Bf4 (20. f4 $2 Nc4 21. f5 Nxd2 22. Rxd2 Bc8 $15) 20...
Nc4 (20... f6 $5 21. Nd5 cxd5 22. Rxd4 c5 23. Rdd1 Bf7 $1 24. exd5 Rxd5 $1 (
24... Bxd5 25. Rfe1 $1 $14 (25. Bxe5 fxe5 26. Rxd5 Rxd5 27. Bc4 Qe6 {/\Rf4=}))
25. Rxd5 Bxd5 26. Be3 $1 $14 {/\Qf4}) 21. Na4 (21. Bxc7 $2 Rd7 22. Na4 b5 $1
23. c3 (23. b3 Na3) 23... Rxc7 24. Rxd4 c5 $17) 21... b5 (21... Nxb2 $6 22.
Rxd4 $1 Rxd4 23. Nxb2 Rxe4 (23... Qa3 $5) 24. Bf3 Rd4 25. Nd3 $14) 22. b3 $6 (
22. c3 $142 Be3 $3 23. fxe3 bxa4 24. Rd4 $1 $14) 22... Na3 23. c3 Bxf2 $1 24.
Rxd8 (24. Rxf2 Rxd1+ 25. Bxd1 bxa4 $15) 24... Rxd8 25. Rxf2 bxa4 26. Bxc7 Rd2 (
26... Rd7 $142 $1 27. Be5 axb3 28. axb3 Bxb3 $17) 27. Qf4 Rxa2 $2 (27... Qd7
$142 {/\ab;Ra2} 28. bxa4 $140 $4 Rxe2 $1 29. Rxe2 Qd1+ $19) 28. Bd6 $1 (28.
bxa4 Nb1 $1 29. Be5 Rxa4 30. Bd3 Na3 $15) 28... Qd8 (28... Qd7 $6 29. bxa4 (29.
Be5 $2 axb3 $1 30. Qg5 f6) 29... Nb1 30. Be5 $1) 29. bxa4 Nb1 30. Be5 $1 Rxe2
$4 (30... Rxa4 31. Bh5 $1 $44 (31. Bg4 $5 $44)) 31. Rxe2 Qd1+ 32. Kh2 Qxe2 33.
Qg5 $18 f6 (33... Kf8 34. Qd8#) 34. Bxf6 1-0